000 00446nam a2200181Ia 4500
001 19285
005 20260306172642.0
008 260306t2006||||xx |||||||||||||| ||spa||
041 _aESP
082 _a658.83
_bD75
100 _aDíez de Castro , Enrique Carlos
_eAUT
245 0 _aMerchandising:
_bteoría y práctica
260 _c2006
300 _a483 páginas :
_c24 cm.
650 _aGEN
654 _aCAN
942 _cLIB
_dJUS
_fJUS
_2ddc
_n
999 _c19285
_d19285